1278 1698 1091 1933 1149 1423 1449 1590 1406 1060 1974 1898 1236 1024 1856 1823 1968 1293 1496 1536 1939 1620 1371 1212 1807 1452 1807 1141 1013 1296 1759 1003 1640 1786 1522 1780 1281 1849 1609 1429 1332 1195 1231 1181 1502 1114 1597 1987 1414 1372 1095 1396 1552 1028 1305 1577 1340 1776 1109 1817 1435 1872 1049 1268 1631 1400 1793 1102 1040 1506 1589 1983 1856 1501 1717 1576 1248 1183 1305 1762 1092 1663 1958 1229 1897 1344 1819 1415 1086 1639 1232 1956 1662 1780 1591 1905 1703 1568 1332 BCNSPRNW ULIB Ver.6.0+V

เปลี่ยนเป็นภาษาไทย

Change to English
 แสดงรายละเอียดบรรณานุกรม
  กลับหน้าหลัก

Brief Record : Get Marc (ISO 2709) : E-mail record : QR code < ปิดหน้าต่าง
LEADER : 00000nam 2200000uu 4500
001    13399125962
003     ULIB
008    020711s2558 th a 000 0 tha d
060    ^aวพWY18^bพ948ก
100    ^aเพียรพร ยูงทอง
245    ^aการประยุกต์ใช้กระบวนการสุนทรียสนทนาในการจัดการเรียนการสอนคุณค่าการเป็นพยาบาล^b=The Application of Dialogue in the Nursing Value Training Program
260     ^bม.ป.ท.,^c2558
300    ู^a196 หน้า;^b30 ซม.
650    ^aการพยาบาล-การเรียนการสอน
945    ^p0^l0^i003402
999    ^aประนอม เกษจรัล
รายการนี้ยังไม่มีแท็ก
คุณยังไม่ได้ล็อกอิน คุณสามารถมีกิจกรรมร่วมกับเว็บไซต์ได้ แต่ต้องล็อกอินก่อน ::
  ล็อกอิน

รายการสื่อสารสนเทศ

ลำดับที่ ประเภท เลขเรียก/บาร์โค้ด สถานที่ สถานะ
1. วิทยาศาสตร์การแพทย์ และสุขภาพ
วิทยาศาสตร์การแพทย์ และสุขภาพ
วพWY18 พ948ก ฉ.1 
  Barcode: 003402
ห้องสมุดวิทยาเขตสวรรค์ประชารักษ์
► วิทยานิพนธ์
บนชั้น

BibComment


ยังไม่เคยถูกคอมเมนท์

คอมเมนท์ทรัพยากรรายการนี้
  คอมเมนท์: การประยุกต์ใช้กร..


 Copyright 2026. Bcnsprnw @Library